000 00784nam a22002531 4500
001 bimo0000848037
003 OSt
005 20130615082940.0
008 900725s1975 sp spa
020 _a84-239-1578-6
035 _aIND9100298974
035 _a(OCoLC)318450967
040 _aSpMaBN
_cBMC
082 _a866
082 _a946.043
082 _a920
100 _aFelipe
_bII
_cRey de España
_9719
245 1 0 _aEpistolario familiar
_b : cartas a su hija, la infanta doña Catalina (1585- 1596)...
_cFelipe II ; transcritas..., puestas en orden cronológico, prologadas y glosadas por Erika Spivakovsky
260 0 _aMadrid
_bEspasa-Calpe
_c1975
300 _a156 p.
_c18 cm
490 0 _aAustral
_v1578
700 _9722
_aSpivakovsky, Erika
942 _2ddc
_cBK
999 _c608
_d608